000 00512nam a22001817a 4500
003 OSt
005 20251127105958.0
008 251127b |||||||| |||| 00| 0 eng d
020 _a971-506-170-2.
040 _aDWCL-Main lib
_cOC
082 _aFil. 425 L244 2001
100 _aLana, Cecilia R.
245 _aEnglish grammar handbook/
_cLana, Cecilia R.
260 _aManila :
_bUST Publishing House,
_cc2001.
300 _a112 p. ;
_c23 cm.
650 _aEnglish language-Grammar.
942 _2ddc
_cBK-FIL
_kFil.
_n0
999 _c6446
_d6446